000 00626nam a2200217 a 4500
001 83335
003 BD-RjUL
005 20240313101900.0
008 240312s1954 p 000 0 urd d
035 _a(BD-RjUL)83335
040 _aHAI
_beng
_cBD-RjUL
041 0 _aurd
082 _223
_a955
_bBAT 1954
100 1 _aجمشيدى راد، جعفر
_912273
245 1 0 _aتاريخ سياسى ;; Political history /
_cمحمد باقر
260 _aLahore :
_bPublisherjaiuna,
_c1954
300 _a174 ص. ؛
_c٢٤ س.
500 _aباب اضافي بالانجليزية
651 4 _aIran
_xHistory
942 _2ddc
_cBK
999 _c83335
_d83335